Digital communications systems (Record no. 3462)

000 -LEADER
fixed length control field 00577nam a2200205 4500
001 - CONTROL NUMBER
control field 3462
003 - CONTROL NUMBER IDENTIFIER
control field BD-DhUET
008 - FIXED-LENGTH DATA ELEMENTS--GENERAL INFORMATION
fixed length control field 141029b xxu||||| |||| 00| 0 eng d
020 ## - INTERNATIONAL STANDARD BOOK NUMBER
International Standard Book Number 8178083329
040 ## - CATALOGING SOURCE
Transcribing agency 0
Modifying agency BD-DhUET
082 ## - DEWEY DECIMAL CLASSIFICATION NUMBER
Classification number 623.8
Item number KOL/2000
100 ## - MAIN ENTRY--PERSONAL NAME
Personal name Kolimbiris, Harold
245 ## - TITLE STATEMENT
Title Digital communications systems
Remainder of title with satellite and fiber optics applications
Statement of responsibility, etc. by Harold Kolimbiris
250 ## - EDITION STATEMENT
Edition statement 1st ed.
260 ## - PUBLICATION, DISTRIBUTION, ETC. (IMPRINT)
Place of publication, distribution, etc. Delhi
Name of publisher, distributor, etc. Pearson Education
Date of publication, distribution, etc. 2000
300 ## - PHYSICAL DESCRIPTION
Extent 480p.
504 ## - BIBLIOGRAPHY, ETC. NOTE
Bibliography, etc Includes bibliographies
650 #0 - SUBJECT ADDED ENTRY--TOPICAL TERM
Topical term or geographic name as entry element Digital communications
942 ## - ADDED ENTRY ELEMENTS (KOHA)
Koha item type General Book
Holdings
Price effective from Koha item type Location (home branch) Lost status Date acquired Copy number Koha date last seen Damaged status Shelving location Piece designation (barcode) Sublocation or collection (holding branch) Koha full call number Source of classification or shelving scheme Withdrawn status Koha normalized classification for sorting Not for loan
2014-10-29General BookCentral Library, BUET 2014-10-2912015-11-17 Circulation section101472Central Library, BUET623.8/KOL/2000  623_000000000000000_8KOL2000